书目信息 |
| 题名: |
漫画之道二十讲
|
|
| 作者: | 博洋大叔 编绘 | |
| 分册: | ||
| 出版信息: | 北京 人民邮电出版社 2025.03 |
|
| 页数: | 192页 | |
| 开本: | 19cm | |
| 丛书名: | ||
| 单 册: | ||
| 中图分类: | J218.2 | |
| 科图分类: | ||
| 主题词: | 漫画--绘画技法 | |
| 电子资源: | ||
| ISBN: | 978-7-115-66404-4 | |
| 000 | 00740nam0 2200229 450 | |
| 001 | 01014641 | |
| 005 | 20251022194235.81 | |
| 010 | @a978-7-115-66404-4@dCNY49.80 | |
| 100 | @a20250409d2025 em y0chiy0120 ea | |
| 101 | 0 | @achi |
| 102 | @aCN@b110000 | |
| 105 | @aa t 000yy | |
| 106 | @ar | |
| 200 | 1 | @a漫画之道二十讲@9man hua zhi dao er shi jiang@f博洋大叔编绘 |
| 210 | @a北京@c人民邮电出版社@d2025.03 | |
| 215 | @a192页@d19cm | |
| 330 | @a本书作者梳理了漫画爱好者和初学者在创作漫画过程中普遍面临的二十个问题,用漫画的形式对这些问题进行一一解答。 | |
| 606 | 0 | @a漫画@x绘画技法 |
| 690 | @aJ218.2@v5 | |
| 701 | 0 | @a博洋大叔@9bo yang da shu@f(1980-)@4编绘 |
| 801 | 0 | @aCN@c20250910 |
| 905 | @a河南城建学院图书馆@dJ218.2@eB963@ZB963@f1 | |
| 漫画之道二十讲/博洋大叔编绘.-北京:人民邮电出版社,2025.03 |
| 192页;19cm |
| ISBN 978-7-115-66404-4:CNY49.80 |
| 本书作者梳理了漫画爱好者和初学者在创作漫画过程中普遍面临的二十个问题,用漫画的形式对这些问题进行一一解答。 |
| ● |
| 相关链接 |
|
|
|
正题名:漫画之道二十讲
索取号:J218.2/B963
 
预约/预借
| 序号 | 登录号 | 条形码 | 馆藏地/架位号 | 状态 | 备注 |
| 1 | 1634654 | 216346540 | 社科库309/309社科库 72排3列4层/ [索取号:J218.2/B963] | 在馆 |